Statistics for Who Scored The Goal? (Galatasaray) European Matches

Click here to take the quiz!

General Stats

  • This quiz has been taken 43 times
  • The average score is 31 of 50

Answer Stats

MatchesScorer% Correct
Galatasaray - Bayern Munich
30' 1-1
Mauro Icardi
94%
Manchester United - Galatasaray
81' 2-3
Mauro Icardi
94%
Bayern Munich - Galatasaray
90+3' 2-1
Cedric Bakambu
91%
Galatasaray - Manchester United
62' 2-3
Hakim Ziyech
88%
Galatasaray - Manchester United
29' 1-2
Hakim Ziyech
88%
Manchester United - Galatasaray
71' 2-2
Kerem Aktürkoğlu
88%
Galatasaray - Manchester United
71' 3-3
Kerem Aktürkoğlu
88%
Galatasaray - Copenhagen
88' 2-2
Tete
88%
Manchester United - Galatasaray
23' 1-1
Wilfried Zaha
88%
Galatasaray - Sparta Prag
90+1' 3-2
Mauro Icardi
84%
Galatasaray - Copenhagen
86' 1-2
Sacha Boey
84%
Galatasaray - Bayern Munich
73' 1-2
Harry Kane
81%
Galatasaray - Manchester United
18' 0-2
Bruno Fernandes
78%
Bayern Munich - Galatasaray
80' 1-0
Harry Kane
78%
Sparta Prag - Galatasaray
16' 1-1
Abdülkerim Bardakcı
75%
Galatasaray - Manchester United
11' 0-1
Alejandro Garnacho
75%
Bayern Munich - Galatasaray
86' 2-0
Harry Kane
75%
Galatasaray - Bayern Munich
79' 1-3
Jamal Musiala
75%
Galatasaray - Sparta Prag
19' 1-0
Kerem Demirbay
75%
Molde - Galatasaray
29' 1-2
Mauro Icardi
75%
Manchester United - Galatasaray
17' 1-0
Rasmus Höjlund
75%
Galatasaray - Zalgiris
31' 1-0
Dries Mertens
72%
Galatasaray - Bayern Munich
8' 0-1
Kingsley Coman
72%
Galatasaray - Molde
7' 1-0
Mauro Icardi
72%
Manchester United - Galatasaray
67' 2-1
Rasmus Höjlund
72%
Galatasaray - Molde
90+3' 2-1
Angelino
69%
Galatasaray - Sparta Prag
60' 2-1
Dries Mertens
63%
Zalgiris - Galatasaray
78' 1-2
Halil Dervişoğlu
63%
Galatasaray - Olimpija Ljubljana
24' 1-0
Mauro Icardi
63%
Molde - Galatasaray
90+3' 2-3
Fredrik Midtsjö
59%
Olimpija Ljubljana - Galatasaray
9' 0-1
Kerem Aktürkoğlu
56%
Molde - Galatasaray
25' 1-1
Sergio Oliveira
56%
Galatasaray - Manchester United
55' 1-3
Scott McTominay
53%
Zalgiris - Galatasaray
75' 1-1
Abdülkerim Bardakcı
50%
Olimpija Ljubljana - Galatasaray
48' 0-2
Dries Mertens
50%
Galatasaray - Sparta Prag
47' 1-1
Angelo Preciado
47%
Sparta Prag - Galatasaray
8' 1-0
Angelo Preciado
41%
Olimpija Ljubljana - Galatasaray
90+1' 0-3
Halil Dervişoğlu
41%
Galatasaray - Copenhagen
35' 0-1
Mohamed Elyounoussi
38%
Galatasaray - Sparta Prag
65' 2-2
Jan Kuchta
31%
Zalgiris - Galatasaray
47' 1-0
Mathias Oyewusi
31%
Galatasaray - Copenhagen
58' 0-2
Diogo Gonçalves
28%
Copenhagen - Galatasaray
58' 1-0
Lukas Lerager
28%
Sparta Prag - Galatasaray
74' 2-1
Indrit Tuci
25%
Sparta Prag - Galatasaray
90+6' 4-1
Jan Kuchta
25%
Molde - Galatasaray
56' 2-2
Kristoffer Haugen
25%
Sparta Prag - Galatasaray
80' 3-1
Lukas Haraslin
25%
Molde - Galatasaray
8' 1-0
Martin Ellingsen
25%
Zalgiris - Galatasaray
90+1' 2-2
Donatas Kazlauskas
22%
Galatasaray - Molde
66' 1-1
Eirik Hestad
19%

Score Distribution

Percentile by Number Answered

Percent of People with Each Score

Your Score History

You have not taken this quiz